| 000 | 00594nam a2200193 i 4500 | ||
|---|---|---|---|
| 001 | 75925 | ||
| 003 | ES-MaACL | ||
| 005 | 20240522092749.0 | ||
| 007 | t| | ||
| 008 | 040928s1960 sp ||||1| spa d | ||
| 100 | 1 |
_aGuardini, Romano. _960319 |
|
| 245 | 1 | 3 |
_aLa cultura como obra y riesgo / _cRomano Guardini ; [lo tradujo del alemán, José María Valverde]. |
| 260 |
_aMadrid : _bGuadarrama, _c[1960] |
||
| 300 |
_a28 p. ; _c26 cm. |
||
| 650 | 0 | 4 |
_aCivilización. _911079 |
| 700 | 1 |
_aValverde, José María, _d1926-1996 _9113013 |
|
| 852 |
_aES-MaACL _j2027-F-28 |
||
| 999 |
_c75925 _d75925 |
||